| 000 | 01371cam a2200337 a 4500 | ||
|---|---|---|---|
| 999 |
_c478604 _d478604 |
||
| 001 | 12399800 | ||
| 003 | NUST | ||
| 005 | 20180606035331.0 | ||
| 008 | 010504s2001 enka b 001 0 eng | ||
| 010 | _a 2001034061 | ||
| 020 | _a0198572239 (hbk. : acid free paper) | ||
| 020 | _a0198572220 (pbk. : acidfree paper) | ||
| 038 | _aSNS Library | ||
| 040 |
_aDLC _cDLC _dDLC |
||
| 050 | 0 | 0 |
_aQA273 _b.G74 2001 |
| 082 | 0 | 0 |
_a519.2 GRI 2001 _221 |
| 100 | 1 |
_aGeoffrey R. Grimmett, _911030 |
|
| 245 | 1 | 0 |
_aProbability and Random Processes _cGeoffrey R. Grimmett and David R. Stirzaker. |
| 250 | _a3rd ed. | ||
| 260 |
_aOxford ; _aNew York : _bOxford University Press, _c2001. |
||
| 300 |
_axii, 596 p. : _bill. ; Hb. _c25 cm. |
||
| 504 | _aIncludes bibliographical references (p. [580]-582) and index. | ||
| 650 | 0 |
_aProbabilities. _979 |
|
| 650 | 0 |
_aStochastic processes. _910957 |
|
| 700 | 1 |
_aStirzaker, David. _911031 |
|
| 856 | 4 | 1 |
_3Table of contents only _uhttp://www.loc.gov/catdir/enhancements/fy0612/2001034061-t.html |
| 856 | 4 | 2 |
_3Publisher description _uhttp://www.loc.gov/catdir/enhancements/fy0612/2001034061-d.html |
| 906 |
_a7 _bcbc _corignew _d1 _eocip _f20 _gy-gencatlg |
||
| 942 |
_2ddc _cBK |
||